| 000 | 00660nam a22001937a 4500 | ||
|---|---|---|---|
| 008 | 260511b |||||||| |||| 00| 0 eng d | ||
| 020 | _a9780824522704 | ||
| 040 |
_aCUZ _beng _cCUZ _drda _eCUZ |
||
| 050 | _aBX2350.3C76CRO | ||
| 100 | _aMichael H. Crosby | ||
| 245 |
_aCan religious life be prophetic ? _cby Michael H. Crosby |
||
| 264 |
_aNew York _bThe crossroad publishing company _c©2005 |
||
| 300 | _a189pages | ||
| 336 |
_atext _btxt |
||
| 337 |
_aunmediated _bn |
||
| 338 | _2rdacarrier | ||
| 650 |
_aChristian life catholic authors _aProphecy christianity _aCatholic church -Doctrines |
||
| 942 |
_cOS _i2350.3C76CRO _kBX |
||
| 999 |
_c45609 _d45609 |
||